00950nam a2200253 i 4500003000900000005001700009007000300026008004100029040003000070041000800100082001800108110008300126245008000209264003400289300004500323336002700368337003300395338002800428590002700456910001400483942001400497952016800511999001700679DO-SdBNP20250828113445.0ta250828t2007 dr o 000 0 spa d aDO-SdBNPbspacBNPHUerda aspa axxxxbI59222 aRepública DominicanabInstituto Dominicano de Aviación Civil - IDAC98204910aLevantamiento de equipos y sistemas instalados el Alto Bandera, Constanza / 1aSanto Domingo :bIDAC,c2007. a3, [50] páginasbfotografíasc28 cm. atextobtxt2rdacontent asin mediaciónbn2rdamedia avolumenbnc2rdacarrier aInventariado, 2025/ YL aYLockward 2ddccLBS1 00102ddc51708PDaBNPHUbBNPHUcCTd2021-12-16eDonado por el Colegio nuestra señora de Lourdesl0oBNPHU PD xxxx I59p2025-8978r2025-08-28w2025-08-28yLBS1 c59836d59836